• 首页
  • 本馆介绍
  • 公告通知
  • 最新文献
  • 馆藏检索
  • 电子资源
  • 读者导购
  • 参考咨询
  • 我的图书馆
  • 登录
  • 详细信息显示
  • 放入我的书架
  • 预约/预借图书
  • 作者相关作品
  • 分类相关作品
  • 丛书相关作品
  • 出版社相关作品

书目信息

  • 表格格式
  • 工作单格式
  • 卡片格式
题名:
懂一点达尔文进化论
    
 
作者: 方宗熙 著
分册:  
出版信息: 北京   中国青年出版社  1977
页数: 184页
开本: 19cm
丛书名:
单 册:
中图分类: Q111.1
科图分类:
主题词: 达尔文学说 , 生物--进化 , 生物--发展
电子资源:
ISBN:
000 00715nam0 2200277 45
001 0177001546
005 20040525090447.2
010    @dCNY0.38
091    @a13009.241
100    @a19951031d1977 em y0chiy0121 ea
101 0  @achi
102    @aCN@b110000
105    @ay z 000yy
106    @ar
200 10 @a懂一点达尔文进化论@Adong yi dian da er wen jin hua lun@f方宗熙著
210    @a北京@c中国青年出版社@d1977
215    @a184页@d19cm
300    @a青年文库
606    @a达尔文学说
606 0  @a生物@x进化
606 0  @a生物@x发展
690    @aQ111.1
701  0 @a方宗熙@Afang zong xi@4著
801  0 @aCN@b广东省中山图书馆@c20040525
801  2 @aCN@bNLC@c20040525
905    @f1@b26691@dQ111.1@e2
    
    懂一点达尔文进化论/方宗熙著.-北京:中国青年出版社,1977
    184页;19cm
    青年文库
    
    ISBN :CNY0.38
    
●
相关链接 在E读中查询图书 在五车中查询图书 在当当中查询图书 在豆瓣中查询图书


正题名:懂一点达尔文进化论     索取号:Q111.1/2         预约/预借

序号 登录号 条形码 馆藏地/架位号 状态 备注
1 0026691   000074537   第二样本阅览室/ [索取号:Q111.1/2] 在馆    
唐山师范学院图书馆 欢迎您!
大连网信软件有限公司© 版权所有